| 000 | 00647nam a2200169Ia 4500 | ||
|---|---|---|---|
| 003 | GCL | ||
| 008 | 140319s9999 xx 000 0 ara d | ||
| 040 |
_aGCL / _cGCL |
||
| 082 | 0 | 4 |
_a920.73 _bب م |
| 100 | 1 | _aبسام عبدالوهاب الجابى | |
| 245 | 1 | 0 |
_aمعجم الاعلام : معجم تراجم لاشهر الرجال والنساء من العرب والمستعربين والمستشرقين / _cبسام عبدالوهاب الجابى |
| 300 | _a1007 ص | ||
| 490 |
_aالهيئة العامة للاستعلامات _v0 |
||
| 650 | 0 | 4 | _aالرجال - تراجم |
| 650 | 0 | 4 | _aالنساء - تراجم |
| 942 |
_2ddc _cBK |
||
| 999 |
_c49104 _d49104 |
||